000
00212 a2200097 4500
001
29338
100
_a
Moder
245
_a
Handbook of operations research
260
_a
_b
Van Norstrand
_c
090
_c
19559
_d
19559
942
_a
NUST-CAE
_c
M
_c
10623
999
_c
264411
_d
264411